| 000 | 00586nam a2200205Ia 4500 | ||
|---|---|---|---|
| 003 | OSt | ||
| 005 | 20260106155127.0 | ||
| 008 | 210210b1960 xxu||||| |||| 00| 0 eng d | ||
| 040 | _cAL | ||
| 041 | _aKannada | ||
| 082 | _a859/1425 | ||
| 100 |
_aRAVIKARTA _9138342 _dರವಿಕಾರ್ತ |
||
| 245 |
_aMudrarakshasa kathasara _bಮುದ್ರಾರಾಕ್ಷಸ ಕಥಾಸಾರ |
||
| 260 |
_aMaisuru _bSharada Mandira _c1960 |
||
| 650 |
_aMudrArAkshasa _9138343 |
||
| 650 |
_akathAsAra _9138344 |
||
| 690 |
_aKannada Fiction _9138345 |
||
| 906 | _a022158 | ||
| 942 |
_2ddc _cBK |
||
| 999 |
_c146264 _d146264 |
||